Top 100 U.S. Baby Boy Names of 2024 - Statistics

General Stats
  • This quiz has been taken 171 times
  • The average score is 48 of 100
Answer Stats
Answer % Correct
John
90%
Jack
88%
Michael
85%
James
84%
William
84%
Thomas
83%
Liam
82%
Matthew
79%
Noah
79%
Alexander
78%
Benjamin
78%
David
78%
Henry
78%
Jose
76%
Daniel
73%
Oliver
73%
Robert
73%
Jackson
72%
Jaxon
72%
Charles
71%
Luca
71%
Luka
71%
Luke
71%
Joseph
70%
Lucas
70%
Samuel
70%
Andrew
68%
Anthony
66%
Jacob
65%
Theo
65%
Eli
64%
Adam
63%
Leo
63%
Nathan
63%
Christopher
62%
Joshua
62%
Ryan
62%
Elijah
59%
Aaron
58%
Dylan
58%
Owen
57%
Isaac
56%
Mason
55%
Ethan
54%
Theodore
54%
Carter
53%
Jonathan
52%
Aiden
50%
Logan
50%
Sebastian
50%
Gabriel
48%
Mateo
48%
Caleb
47%
Ian
47%
Jayden
44%
Julian
44%
Levi
44%
Parker
44%
Christian
42%
Asher
41%
Grayson
40%
Wyatt
40%
Leonardo
38%
Isaiah
37%
Cooper
36%
Hudson
35%
Jeremiah
34%
Miles
34%
Myles
34%
Cameron
33%
Kai
33%
Nolan
32%
Elias
31%
Wesley
31%
Adrian
30%
Josiah
29%
Lincoln
29%
Maverick
29%
Colton
28%
Ezra
28%
Bennett
27%
Micah
25%
Ezekiel
24%
Everett
23%
Roman
21%
Axel
20%
Silas
18%
Rowan
17%
Walker
16%
Weston
16%
Santiago
14%
Angel
13%
Enzo
12%
Brooks
11%
August
10%
Beau
10%
Thiago
10%
Waylon
10%
Amir
8%
Gael
6%
No matching quizzes found
Score Distribution
Percent of People with Each Score
Percentile by Number Answered
Your Score History
You have not taken this quiz